000 00704nam a22001455i 4500
001 172926
003 ES-MaACL
005 20230906215058.0
008 090916s1881 sp |||| | spa d
245 0 0 _aPliego de condiciones económicas que acompañan al proyecto de reforma de Barcelona expuesto en el gobierno civil de la provincia (sección de fomento) y recurso elevado contra dicho proyecto por la Asociación de Propietarios de Fincas Urbanas de Barcelona y su zona de ensanche.
260 _aBarcelona :
_b[s.n.],
_c1881 (
_fEst. tip. Olivares)
300 _a32 p. ;
_c25 cm.
710 2 _aAsociación de Fincas Urbanas de Barcelona y su zona de ensanche.
_9141386
852 _aES-MaACL
_jT-385-F-9
999 _c172926
_d172926